Science Quiz

Random Science or Math Quiz

Unit Circle ('Mad Minute') Quiz Stats

 Plays Quiz not verified by Sporcle

Score 0/96 Timer 12:00
0 Plays Today
Function Value % Correct
sin(30˚)1|2
38.5%
cos(90˚)0
38.5%
cos(π)-1
38.5%
cos(2π)1
38.5%
sin(60˚)rt3|2
38.3%
cos(π/4)rt2|2
38.3%
sin(π)0
38.3%
sin(360˚)0
38.1%
sin(2π)0
37.9%
sin(90˚)1
37.6%
sin(180˚)0
37.6%
cos(360˚)1
37.6%
tan(45˚)1
37.4%
sin(π/2)1
37.2%
sin(3π/2)-1
37.2%
cos(180˚)-1
37%
cos(300˚)1|2
37%
cos(330˚)rt3|2
37%
cos(π/3)1|2
37%
cos(π/2)0
37%
sin(π/4)rt2|2
37%
sin(3π/4)rt2|2
37%
cos(2π/3)-1|2
36.8%
sin(π/6)1|2
36.8%
sin(7π/6)-1|2
36.8%
sin(270˚)-1
36.6%
cos(60˚)1|2
36.6%
cos(135˚)-rt2|2
36.6%
cos(5π/4)-rt2|2
36.6%
cos(5π/3)1|2
36.4%
sin(4π/3)-rt3|2
36.4%
tan(π)0
36.4%
Function Value % Correct
cos(4π/3)-1|2
36.2%
sin(2π/3)rt3|2
36.2%
sin(11π/6)-1|2
36.2%
sin(150˚)1|2
36.1%
sin(210˚)-1|2
36.1%
cos(30˚)rt3|2
36.1%
cos(7π/6)-rt3|2
36%
sin(π/3)rt3|2
36%
tan(7π/4)-1
36%
sin(300˚)-rt3|2
35.9%
tan(60˚)rt3
35.9%
tan(90˚)undefined
35.9%
tan(360˚)0
35.9%
cos(235˚)-rt2|2
35.7%
cos(5π/6)-rt3|2
35.7%
cos(π/6)rt3|2
35.5%
cos(3π/4)-rt2|2
35.5%
tan(2π)0
35.5%
sin(45˚)rt2|2
35.3%
sin(330˚)-1|2
35.3%
cos(45)˚rt2|2
35.1%
cos(3π/2)0
35.1%
tan(π/4)1
35.1%
cos(120˚)-1|2
35%
cos(11π/6)rt3|2
34.9%
sin(5π/6)1|2
34.9%
tan(π/2)undefined
34.9%
sin(7π/4)-rt2|2
34.7%
tan(135˚)-1
34.6%
tan(315˚)-1
34.6%
cos(7π/4)rt2|2
34.5%
sin(120˚)rt3|2
34.4%
Function Value % Correct
cos(270˚)0
34.4%
cos(315˚)rt2|2
34.4%
tan(π/3)rt3
34.3%
sin(135˚)rt2|2
34.2%
sin(315˚)-rt2|2
34.2%
tan(180˚)0
34.2%
cos(210˚)-rt3|2
34%
sin(5π/3)-rt3|2
34%
tan(270˚)undefined
33.8%
tan(5π/6)-rt3|3
33.8%
tan(5π/4)1
33.8%
cos(150˚)-rt3|2
33.5%
tan(120˚)-rt3
33.5%
tan(300˚)-rt3
33.5%
tan(2π/3)-rt3
33.4%
tan(3π/4)-1
33.4%
tan(3π/2)undefined
33.4%
tan(5π/3)-rt3
33.4%
tan(11π/6)-rt3|3
33%
tan(330˚)-rt3|3
32.7%
tan(4π/3)rt3
32.6%
sin(5π/4)-rt2|2
32.5%
tan(7π/6)rt3|3
32.3%
tan(210˚)rt3|3
32%
tan(π/6)rt3|3
31.9%
sin(235˚)-rt2|2
31.4%
cos(250˚)-1|2
31.4%
tan(30˚)rt3|3
31%
tan(235˚)1
31%
tan(150˚)-rt3|3
30.8%
sin(250˚)-rt3|2
29.9%
tan(250˚)rt3
28.2%

You're not logged in!

Compare scores with friends on all Sporcle quizzes.
OR
Log In

Sporcle TV

Today on Sporcle TV


Watch our educational content, quiz creation guides, and fun videos on Sporcle TV.

Show Comments

Extras

Top Quizzes Today


Score Distribution

Your Account Isn't Verified!

In order to create a playlist on Sporcle, you need to verify the email address you used during registration. Go to your Sporcle Settings to finish the process.

Report this User

Report this user for behavior that violates our Community Guidelines.

Details: